| 000 | 01196nam a2200373 c 4500 | ||
|---|---|---|---|
| 001 | 53591 | ||
| 003 | ES-MaCES | ||
| 005 | 20250226141732.0 | ||
| 008 | 250221s2025 sp 000 | spa d | ||
| 017 |
_aM 1957-2025 _bDL |
||
| 020 | _a9788429029147 | ||
| 040 |
_aES-MaCES _bspa _cES-MaCES |
||
| 100 | 1 |
_918771 _aMolina del Pozo, Carlos Francisco |
|
| 245 | 1 | 0 |
_aDerecho de la Unión Europea _cCarlos Francisco Molina del Pozo |
| 250 | _a9ª ed. (rev. y act.) | ||
| 260 |
_aMadrid _bReus _c2025 |
||
| 300 |
_a767 p. _c24 cm |
||
| 490 | 1 | _aColección Jurídica general. Cursos | |
| 504 | _aBibliografía y docs. de interés | ||
| 541 | _cCompra | ||
| 650 | 4 |
_aderecho comunitario _929866 |
|
| 650 | 4 |
_apolítica comunitaria _930776 |
|
| 650 | 4 |
_aorganización institucional _927196 |
|
| 650 | 4 |
_adesarrollo institucional _929802 |
|
| 650 | 4 |
_aUE _926752 |
|
| 650 | 4 |
_aEspaña _926964 |
|
| 650 | 4 |
_aarmonización _929884 |
|
| 650 | 4 |
_amanual _929264 |
|
| 653 | 1 | 0 | _aDerecho comunitario |
| 775 | 0 |
_tDerecho de la Unión Europea _w(ES-MaCES)52170 |
|
| 830 | 0 |
_aColección Jurídica general (Editorial Reus) _940233 _pCursos |
|
| 902 | _aLIB Libro | ||
| 942 |
_2CES _cBK _h6.0.5. |
||
| 999 |
_c53591 _d53591 |
||